ARRUPE JESUIT UNIVERSITY

CORONAVIRUS -STOP THE SPREAD - CLEAN,DISINFECT,COVER

Race, colour & class in Southern Africa : (Record no. 125404)

MARC details
000 -LEADER
fixed length control field 01329mam a2200325 a 4500
001 - CONTROL NUMBER
control field 2088659
003 - CONTROL NUMBER IDENTIFIER
control field ARRUPE
005 - DATE AND TIME OF LATEST TRANSACTION
control field 20161004090124.0
008 - FIXED-LENGTH DATA ELEMENTS--GENERAL INFORMATION
fixed length control field 980222s1997 rh b b 001 0 eng d
020 ## - INTERNATIONAL STANDARD BOOK NUMBER
International Standard Book Number 177905050X (hb.)
020 ## - INTERNATIONAL STANDARD BOOK NUMBER
International Standard Book Number 1779050496 (pbk.)
035 ## - SYSTEM CONTROL NUMBER
System control number (OCoLC)ocm38486865
035 ## - SYSTEM CONTROL NUMBER
System control number (NNC)2088659
040 ## - CATALOGING SOURCE
Original cataloging agency NDD
Transcribing agency NDD
050 ## - LIBRARY OF CONGRESS CALL NUMBER
Classification number DT1058.R33M36 1997
092 ## - LOCALLY ASSIGNED DEWEY CALL NUMBER (OCLC)
Classification number 305.800968
Item number M271, R118, 1997
300 ## - PHYSICAL DESCRIPTION
Other physical details map ;
Dimensions 24 cm.
100 1# - MAIN ENTRY--PERSONAL NAME
Personal name Mandaza, Ibbo.
9 (RLIN) 23206
245 10 - TITLE STATEMENT
Title Race, colour & class in Southern Africa :
Remainder of title a study of the Coloured question in the context of an analysis of the colonial and white settler racial ideology, and African nationalism in twentieth century Zimbabwe, Zambia and Malawi /
Statement of responsibility, etc by Ibbo Mandaza.
246 3# - VARYING FORM OF TITLE
Title proper/short title Race, colour and class in Southern Africa
260 ## - PUBLICATION, DISTRIBUTION, ETC. (IMPRINT)
Place of publication, distribution, etc Harare :
Name of publisher, distributor, etc Sapes Books,
Date of publication, distribution, etc 1997.
300 ## - PHYSICAL DESCRIPTION
Extent xli, 838 p.;
490 1# - SERIES STATEMENT
Series statement Southern African political economy series
504 ## - BIBLIOGRAPHY, ETC. NOTE
Bibliography, etc Includes bibliographical references (p. [825]-829) and index.
650 #0 - SUBJECT ADDED ENTRY--TOPICAL TERM
Topical term or geographic name as entry element Racially mixed people
Geographic subdivision Africa, Southern.
General subdivision History
9 (RLIN) 26371
650 #0 - SUBJECT ADDED ENTRY--TOPICAL TERM
Topical term or geographic name as entry element Social classes
Geographic subdivision Africa, Southern
General subdivision History
9 (RLIN) 26372
651 #0 - SUBJECT ADDED ENTRY--GEOGRAPHIC NAME
Geographic name Africa, Southern
General subdivision Race relations.
-- History
9 (RLIN) 26373
830 #0 - SERIES ADDED ENTRY--UNIFORM TITLE
Uniform title Southern African political economy series.
9 (RLIN) 26374
942 ## - ADDED ENTRY ELEMENTS (KOHA)
Source of classification or shelving scheme Library of Congress Classification
Koha item type Monograph ( Printed materials)
Holdings
Withdrawn status Lost status Source of classification or shelving scheme Damaged status Not for loan Collection code Home library Current library Shelving location Date acquired Total Checkouts Full call number Barcode Date last seen Price effective from Koha item type Date checked out Copy number
    Library of Congress Classification     Main Collection ARRUPE LIBRARY ARRUPE LIBRARY Main Collection 04/10/2016   DT1058.R33M36 1997 46500010054 07/12/2017 04/10/2016 Monograph ( Printed materials)    
    Library of Congress Classification     Main Collection ARRUPE LIBRARY ARRUPE LIBRARY Main Collection 26/10/2016 2 DT1058.R33M36 1997 46500010530 26/04/2023 26/10/2016 Monograph ( Printed materials) 07/03/2023 2

 

Arrupe Library. PO Box MP320 Mt Pleasant, Harare, Zimbabwe
263 242 745411|librarian@aju.ac.zw